| 000 | 00562nam a22001817a 4500 | ||
|---|---|---|---|
| 005 | 20251108172309.0 | ||
| 008 | 250721s9999 xx 000 0 ara d | ||
| 082 | 1 | 4 | _a720.0284/نبي |
| 100 | 1 | _aحسن، نبيل | |
| 245 | 1 | 0 | _aطرق و عناصر الإخراج في التصميم / |
| 264 | 1 |
_aبيروت : _bدار الراتب الجامعية، _c[19-]. |
|
| 300 | _a330ص : مص | ||
| 490 | 0 | _aالموسوعة المعمارية ؛2 | |
| 650 | 1 | 7 | _aالعمارة |
| 650 | 1 | 7 | _aالرسم المعماري |
| 942 |
_2ddc _cBK |
||
| 999 |
_c75477 _d75477 |
||